Tales from the wood (Record no. 84752)

MARC details
000 -LEADER
fixed length control field 00921cad a22003015a 4500
001 - CONTROL NUMBER
control field L158971
008 - FIXED-LENGTH DATA ELEMENTS--GENERAL INFORMATION
fixed length control field 100701s2013 xxk f 000 0 eng d
035 ## - SYSTEM CONTROL NUMBER
System control number (Sirsi) u158971
041 0# - LANGUAGE CODE
Language code of text/sound track or separate title eng
100 1# - MAIN ENTRY--PERSONAL NAME
Personal name Howard, Tim
245 00 - TITLE STATEMENT
Title Tales from the wood
Medium [electronic resource]
260 ## - PUBLICATION, DISTRIBUTION, ETC.
Place of publication, distribution, etc. London
Name of publisher, distributor, etc. RICS
Date of publication, distribution, etc. 2013
490 ## - SERIES STATEMENT
Series statement Modus
Volume/sequential designation June 2013, 30-34(5)
520 ## - SUMMARY, ETC.
Summary, etc. Focuses on different stages of the timber production cycle. Considers different role of timber as a fuel source and a low-impact building material.
590 ## - LOCAL NOTE (RLIN)
Local note KA
650 24 - SUBJECT ADDED ENTRY--TOPICAL TERM
Topical term or geographic name entry element FORESTRY VALUATIONS
650 24 - SUBJECT ADDED ENTRY--TOPICAL TERM
Topical term or geographic name entry element TIMBER CONSTRUCTION
650 24 - SUBJECT ADDED ENTRY--TOPICAL TERM
Topical term or geographic name entry element SUSTAINABLE FORESTRY
650 24 - SUBJECT ADDED ENTRY--TOPICAL TERM
Topical term or geographic name entry element TIMBER INDUSTRY
651 #4 - SUBJECT ADDED ENTRY--GEOGRAPHIC NAME
Geographic name United Kingdom
690 ## - LOCAL SUBJECT ADDED ENTRY--TOPICAL TERM (OCLC, RLIN)
Topical term or geographic name as entry element RURAL-AGRICULTURE AND FORESTRY
690 ## - LOCAL SUBJECT ADDED ENTRY--TOPICAL TERM (OCLC, RLIN)
Topical term or geographic name as entry element Renewables
9 (RLIN) 6265
690 ## - LOCAL SUBJECT ADDED ENTRY--TOPICAL TERM (OCLC, RLIN)
Topical term or geographic name as entry element Rural
9 (RLIN) 6268
700 1# - ADDED ENTRY--PERSONAL NAME
Personal name Corbey, Simon
700 1# - ADDED ENTRY--PERSONAL NAME
Personal name Goodall, Stuart
700 1# - ADDED ENTRY--PERSONAL NAME
Personal name Maguire, Matthew
942 ## - ADDED ENTRY ELEMENTS (KOHA)
Suppress in OPAC 0
Holdings
Withdrawn status Lost status Source of classification or shelving scheme Damaged status Not for loan Home library Current library Shelving location Date acquired Total Checkouts Full call number Barcode Date last seen Copy number Price effective from Koha item type
    Dewey Decimal Classification     London London Journal article 11/11/2015   L158971 158971-3001 06/08/2019 1 06/08/2019 Journal article
    Dewey Decimal Classification     Virtual Virtual Journal article 11/11/2015   ONLINE PUBLICATION 158971-2001 06/08/2019 1 06/08/2019 Journal article